An Essay on the nature and significance of economic science

Сохранить в:
Библиографические подробности
Главный автор: Robbins, Lionel
Формат:
Язык:Undetermined
Опубликовано: London MacMillan and Co., Limited 1952
Предметы:
Метки: Добавить метку
Нет меток, Требуется 1-ая метка записи!
Thư viện lưu trữ: Trung tâm Học liệu Trường Đại học Cần Thơ
LEADER 00533nam a2200193Ia 4500
001 CTU_80302
008 210402s9999 xx 000 0 und d
082 |a 330.1 
082 |b R632 
100 |a Robbins, Lionel 
245 3 |a An Essay on the nature and significance of economic science 
245 0 |c Lionel Robbins 
260 |a London 
260 |b MacMillan and Co., Limited 
260 |c 1952 
650 |a Economics 
650 |x History 
904 |i Trọng Hải 
980 |a Trung tâm Học liệu Trường Đại học Cần Thơ